000 00601nam a2200181 a 4500
001 43973
005 20180714022656.0
008 140415s2001 mx 000 0 spa d
041 _aspa
082 _a808.8026
_bMUN
100 1 _aMUÑOZ COTA, JOSÉ
245 1 0 _aDIALOGOS CON LOS JOVENES
250 _a1a ed.
260 _aMEXICO :
_bJOSÉ MUÑOZ COTA,
_c2001
300 _a227
_cx 14 x 21
520 _aEXISTE UNA FORMA AGIL DE DE ACCEDER AL PENSAMIENTO DE LOS JOVENES, ATRAVIESAS EL ESPACIO COMO UN RAYO PORQUE SUPONE UN CAMINO FRAGIL DE LIMPIA EXPRESION
650 1 4 _aDIALOGOS
999 _c43973
_d43973